Quizzes
Events
Quiz Creation
Community
Videos
Private Events
Remove Ads
Sign In
Join for FREE
Feedback
Dark Mode
Quiz Categories
Sports
Geography
Music
Movies
Television
Just For Fun
Miscellaneous
History
Literature
Language
Science
Gaming
Entertainment
Religion
Holiday
For Kids
Quiz Lab
Recent
Popular Today
Quiz Kudos Today
Editor Picks
Curator Picks
Quizzes by...
Day
Popularity
Type
Ratings
Length
Year
Community
Subscriptions
Recent Discussions
Orange Saloon
Badges
Playlists
Quests
Create
Leaderboards
Showdown
Live 5
Trivia Bingo
Activity
Puzzle Library
Sporcle Events
Private Events
Virtual Trivia
Globe League
Become a Host
Pub Owners
SporcleCon
Opinionation
Our Games
Videos
Blog
Mobile Apps
Partnerships
Remove Ads and Go Orange
Feedback
Miscellaneous
Crossword
General Knowledge
Baby Names
Logo
Food
Cars
Numbers
Grab Bag
University
College
Popular
Company
Slogans
Restaurants
Justice
Letter
Miscellaneous
Crossword
General Knowledge
Baby Names
Logo
Food
Cars
Numbers
Grab Bag
University
College
Popular
Company
Slogans
Restaurants
Justice
Letter
Random Quiz
Search Sporcle
×
Quiz Lab
Quiz Lab
Miscellaneous
old
Type in answers that appear in a list
Type in answers that appear in a list
Classic
Best Score? Go Orange.
The Oldest Quiz Stats
Can you name the old things?
By
Rossipotamus
5m
20 Questions
158 Plays
158 Plays
158 Plays
Comments
Comments
Give Quiz Kudos
Give Quiz Kudos
-
- Ratings
hide this ad
Replay
Link that replays current quiz
Next Quiz
Link to next quiz in quiz playlist
You Got
0%
They Got
Avg Score
14%
Avg Friend Score
Upgrade to see
Score Distribution
Jump to the score distribution portion of the page
Score
0/20
Timer
05:00
0
Plays Today
Thing
Name
% Correct
National Park
Yellowstone National Park
62.7%
Subway System
London Underground
58.9%
Monarchy
Japan
19%
Parliament
The Althing (Iceland)
18.4%
Written Language
Sumerian
16.5%
University
University of Al-Karaouine (Morocco)
14.6%
American Firearm Manufacturer
Remington Arms Company
12.7%
Republic
San Marino
12.7%
Universal Healthcare System (Country)
Germany
12.7%
Association Football Club
Sheffield Football Club
8.9%
Thing
Name
% Correct
National Anthem
Het Wilhelmus (Netherlands)
8.9%
Academy Award for Best Actor
Henry Fonda (On Golden Pond)
7.6%
Record Label
Columbia Records
7.6%
Commercial Airline (with original name)
KLM Royal Dutch Airlines
7.6%
Collegiate Greek-
Letter Fraternity (USA)
Phi Beta Kappa (ΦΒΚ)
7%
Continuous US Newspaper
Hartford Courant
5.7%
Stock Exchange
Amsterdam Stock Exchange
5.1%
Continual Comic Strip
The Katzenjammer Kids
3.8%
Bank
Banca Monte dei Paschi di Siena
2.5%
Website
www.symbolics.com
1.9%
Quiz Playlist
Details
Report
Send in Message
Add To Playlist
Classic:
Type in answers that appear in a list
Last Updated: Feb 16, 2017
Quiz Scoreboard
CHALLENGE
Sign Up to Join the Scoreboard
Show All
Scores
Hide
Comments
May contain spoilers
Recently Published
Billboard Blitz: Fleetwood Mac
by CooCooCachoo
Music
15s
Presidents Visiting Landmarks
by Hejman
History
7m
An Introduction to Baseball
by treessimontrees
Sports
5m
More to Explore
Quiz From the Vault
Featured Blog Post
Where Did the Easter Bunny Come From?
hide this ad
You Might Also Like...
Tags
old
Today's Top Quizzes in Miscellaneous
Browse Miscellaneous
hide this ad
Today's Top Quizzes in old
Browse old
Top Contributed Quizzes in Miscellaneous
1
5-to-1: Fast Food
2
The JOE quick-fire general knowledge quiz: Day 174
3
The JOE quick-fire general knowledge quiz: Day 173
4
5-to-1: Cocktails
5
The JOE quick-fire general knowledge quiz: Day 172
6
Sunday Crossword: Famous Bodies of Water
7
One Thing in Common: United Kingdom II
8
The JOE quick-fire general knowledge quiz: Day 171
9
Named After an Animal - Odd One Out!
10
The JOE quick-fire quiz: Day 170
Explore More
Trending Topics
Crossword
Kpop
Disney
Harry Potter
Marvel
Anime
NBA
NFL
Pokémon
The Office
WWE
Soccer
Country
Puzzle
Song
hide this ad
More By:
Rossipotamus
Quiz
Plays
Rating
Category
Featured
Created
Jordan's 6 Supporting Casts
11,573
3.98
Sports
May 20, 2010
Most NCAA Appearances w/o Championship
5,408
4.21
Sports
Mar 15, 2010
Ferris Bueller's Monologue
3,323
3.11
Movies
Nov 10, 2009
Modern Summer Olympic Medal Count
2,683
4.46
Sports
Oct 17, 2009
Longest International Flights
1,468
3.17
Geography
Nov 5, 2009
Go to Creator's Profile
Score Distribution
Quiz Creator Spotlight
Rossipotamus
Follow
Send a Message
Quizzes Created
-
Created Quiz Play Count
-
More By This Creator
Popular Quizzes Today
1
Find the US States - No Outlines Minefield
2
Find the Countries of Europe - No Outlines Minefield
3
The Countries of the World
4
Find the US States
5
Popular People in 1961
6
US States
7
Risky Map Clicking: Biggest States A-Z
8
Movies - When Are They Set?
More Miscellaneous Quizzes
Choose One! Company Headquarters
Published
Trending Quizzes
Risky Map Clicking: Least Populous States A-Z
1-10 Letter G Words
1-10 Letter F Words
Risky Map Clicking: Next State Alphabetically
Risky Map Clicking: Biggest States A-Z
Recently Updated
Leaping Animals
pecheneg
Reality TV Shows (A-Z)
bhenderson79
Rickey Henderson's Hall of Fame Teammates
pecheneg
Champions League XIs: Arsenal
pecheneg
Quick Pick: Celebrities in WWE's Hall of Fame
aduchscher
A-Z Keypad Blitz II
pecheneg
Multiple Oscar Actors
pecheneg
Mystery Phrase Blitz: Oscar 'Best Actors'
pecheneg
F. Scott Fitzgerald Novels
LTH
Pick 3 Villains
ddd62291
Trending Topics
Anime
Harry Potter
Crossword
Marvel
Kpop
NBA
Disney
Puzzle
Song
Pokémon
Soccer
The Office
Country
WWE
NFL
Your Account Isn't Verified!
In order to create a playlist on Sporcle, you need to verify the email address you used during registration. Go to your
Sporcle Settings
to finish the process.
Report this User
Report this user for behavior that violates our
Community Guidelines
.
Details:
Send Report
Go to the Sporcle.com Mobile Site →
Comments